000 00328nam a2200145 i 4500
001 bg
100 1 _aRUDNICKI, A.
245 0 _aRyby wód polskich :
_batlas /
_cA. Rudnicki.
250 _aWyd. 4.
260 _aWarszawa,
_c1985.
040 _cBPK
041 _apol
942 _cKS
008 s pl f |000 0 pol
999 _c28454
_d28454
856 _uhttp://koha.tu.koszalin.pl/cgi-bin/koha/opac-detail.pl?biblionumber=28454
_yKatalog online BPK